Technická zařízení budov : Domovní vodovody a plynovody

Uložené v:
Podrobná bibliografia
Hlavný autor: Krch, Vojtěch (Autor)
Médium: Kniha
Jazyk:Czech
Vydavateľské údaje: Praha : SNTL, 1962
Vydanie:1.vyd.
Tagy: Pridať tag
Žiadne tagy, Buďte prvý, kto otaguje tento záznam!

MARC

LEADER 00000nam a22000003a 4500
001 stu142613
005 20240201130716.3
008 070621s1962----cs------------------cze-d
040 |a STU  |b slo 
041 0 |a cze 
044 |a cs 
080 |a 628.14 
080 |a 696.2 
100 1 |a Krch, Vojtěch  |4 aut 
245 1 |a Technická zařízení budov :  |b Domovní vodovody a plynovody 
250 |a 1.vyd. 
260 |a Praha :  |b SNTL,  |c 1962 
300 |a 352 s 
996 |b 284V027830  |c V*2842/O-421  |l VVT  |s A  |a 24  |w stu142613_0001 
996 |b 284V041106  |c V* 52890/O-24047  |l VVS  |s A  |a 24  |w stu142613_0002